000 00992nam a2200217 a 4500
001 000029016
003 OSt
005 20240229073936.0
008 091124t1949 dr ac 000 0 spa d
040 _aDO-SdBNP
_bspa
_cBNPHU
082 4 _aF-RD 32
_b22
100 1 _aTrujillo Molina, Rafael Leónidas,
_d 1891-1961
_976764
245 1 0 _aMensaje dirigido al Congreso Nacional por el presidente de la República Dominicana, generalísimo Dr. Rafael Leónidas Trujillo Molina, el día 26 de Diciembre de 1949 /
_cRafael Leónidas Trujillo Molina.
260 _aSanto Domingo :
_bDel Caribe,
_c[1949].
300 _a15 p. :
_bil., retr. ;
_c21 cm.
650 4 _aDiscursos presidenciales
_910061
651 4 _aRepública Dominicana
_xHistoria
_yERA DE TRUJILLO, 1930-1961
_xEnsayos, Conferencias, Etc.
_930520
651 4 _aRepública Dominicana
_xPolítica Y Gobierno
_yERA DE TRUJILLO, 1930-1961
_xEnsayos, Conferencias, Etc.
_930546
910 _aValidado. Control de calidad EMS.
942 _2ddc
_cLBS1
999 _c28508
_d28508